| 000 | 00939cam a2200265 i 4500 | ||
|---|---|---|---|
| 999 |
_c14293 _d14293 |
||
| 003 | OSt | ||
| 005 | 20260304173713.0 | ||
| 008 | 160707s2016 ii a b 001 0 eng d | ||
| 020 | _a9789385285431 | ||
| 037 | _aLibrary of Congress -- New Delhi Overseas Office | ||
| 042 |
_alccopycat _alcode |
||
| 043 | _aa-ii--- | ||
| 050 | 0 | 0 |
_aNA1508.K6 _bD44 2016 |
| 082 | 0 | 4 |
_a726.1450954133 _223 |
| 100 | 1 |
_aDe, Anila, _d1931- _eauthor. |
|
| 245 | 1 | 4 |
_aThe Sun Temple of Konark / _cAnil Dey ; foreword by G.C. Mitra. |
| 300 |
_a467 pages : _billustrations (black and white, and colour) ; _c26 cm |
||
| 500 | _a"O" in title appears as wheel. | ||
| 504 | _aIncludes bibliographical references and index. | ||
| 520 | _aIncludes architectural rendering of the precincts of the temple. | ||
| 610 | 2 | 0 | _aSun Temple (Konārak, India) |
| 650 | 0 |
_aHindu architecture _zIndia _zKonārak. |
|
| 650 | 0 |
_aHindu sculpture _zIndia _zKonārak. |
|
| 942 | _2ddc | ||